LEADER 02545nam 2200601 450 001 9910797246703321 005 20230807215825.0 010 $a0-8130-5131-2 010 $a0-8130-5546-6 035 $a(CKB)3710000000431033 035 $a(EBL)2070159 035 $a(SSID)ssj0001516544 035 $a(PQKBManifestationID)11870040 035 $a(PQKBTitleCode)TC0001516544 035 $a(PQKBWorkID)11513922 035 $a(PQKB)10089645 035 $a(StDuBDS)EDZ0001283549 035 $a(MiAaPQ)EBC2070159 035 $a(OCoLC)911054723 035 $a(MdBmJHUP)muse46832 035 $a(Au-PeEL)EBL2070159 035 $a(CaPaEBR)ebr11066720 035 $a(CaONFJC)MIL799310 035 $a(EXLCZ)993710000000431033 100 $a20150624h20152015 uy 0 101 0 $aeng 135 $aurcnu|||||||| 181 $ctxt 182 $cc 183 $acr 200 10$aDemocracy abroad, lynching at home $eracial violence in Florida /$fTameka Bradley Hobbs 210 1$aGainesville, Florida :$cUniversity Press of Florida,$d2015. 210 4$dİ2015 215 $a1 online resource (289 p.) 300 $aDescription based upon print version of record. 311 $a0-8130-6104-0 320 $aIncludes bibliographical references and index. 327 $aLynched twice: Arthur C. Williams, Gadsden County, 1941 -- A degree of restraint: the trials of Cellos Harrison, 1940-1943 -- The failure of forbearance: the lynching of Cellos Harrison, Jackson County, 1943 -- "A very cheap article": the lynching of Willie James Howard, Suwannee County, 1944 -- Still at it: the lynching of Jesse James Payne, Madison County, 1945. 330 $aIn this book, Tameka Hobbs investigates the history of racial violence and lynchings in Florida, focusing especially on a string of brutal lynchings that occurred during the 1940's. She argues that these lynchings created difficult diplomatic moments during both World War II and the Cold War period and that they forced the U.S. government to become more active in prosecuting racial violence. 606 $aLynching$zFlorida 606 $aAfrican Americans$xCrimes against$zFlorida 607 $aFlorida$xRace relations$xHistory 615 0$aLynching 615 0$aAfrican Americans$xCrimes against 676 $a364.1/34 700 $aHobbs$b Tameka B.$01484060 801 0$bMiAaPQ 801 1$bMiAaPQ 801 2$bMiAaPQ 906 $aBOOK 912 $a9910797246703321 996 $aDemocracy abroad, lynching at home$93702581 997 $aUNINA LEADER 01962nas 2200661- 450 001 996343849003316 005 20230125213019.0 011 $a2504-3889 035 $a(DE-599)ZDB2908431-3 035 $a(OCoLC)1100791401 035 $a(CKB)4100000004537929 035 $a(CONSER)--2020243088 035 $a(NjHacI)994100000004537929 035 $a(EXLCZ)994100000004537929 100 $a20190510a20189999 s-- - 101 0 $aeng 135 $aur|n||||||||| 181 $ctxt$2rdacontent 182 $cc$2rdamedia 183 $acr$2rdacarrier 200 00$aMedical cannabis and cannabinoids 210 1$aBasel :$cKarger,$d[2018]- 215 $a1 online resource 300 $aRefereed/Peer-reviewed 531 1 $aMed. cannabis cannabinoids 531 10$aMed Cannabis Cannabinoids 606 $aCannabis$vPeriodicals 606 $aCannabinoids$vPeriodicals 606 $aCannabis 606 $aCannabinoids 606 $aMarijuana$xTherapeutic use$vPeriodicals 606 $aMedical Marijuana 606 $aCannabis$2fast$3(OCoLC)fst00845737 606 $aCannabinoids$2fast$3(OCoLC)fst00845733 606 $aMarijuana$xTherapeutic use$2fast$3(OCoLC)fst01009281 606 $aMarijuana$xTherapeutic use 606 $aCannabinoids$vPeriodicals 608 $aPeriodicals.$2fast 608 $aPeriodical. 615 0$aCannabis 615 0$aCannabinoids 615 12$aCannabis. 615 22$aCannabinoids. 615 0$aMarijuana$xTherapeutic use 615 22$aMedical Marijuana. 615 7$aCannabis. 615 7$aCannabinoids. 615 7$aMarijuana$xTherapeutic use. 615 0$aMarijuana$xTherapeutic use. 615 0$aCannabinoids 676 $a615.7827 712 02$aSwiss Task Force for Cannabinoids in Medicine, 801 0$bNjHacI 801 1$bNjHacI 906 $aJOURNAL 912 $a996343849003316 996 $aMedical cannabis and cannabinoids$92256676 997 $aUNISA